Längste Flüsse in Hessen - Statistiken

Allgemein
  • Dieses Quiz wurde 544 mal gespielt
  • Das Durchschnittsergebnis liegt bei 8 aus 15
Antwortstatistiken
Fluss Fließlänge in Hessen % Korrekt
Main 77 km
98%
Fulda 215 km
95%
Lahn 166 km
89%
Rhein 107 km
88%
Werra 95 km
80%
Eder 129 km
62%
Nidda 90 km
53%
Kinzig 86 km
51%
Dill 55 km
43%
Schwalm 97 km
37%
Nidder 69 km
30%
Wetter 69 km
25%
Diemel 73 km
22%
Ohm 59 km
21%
Haune 64 km
10%
Keine übereinstimmenden Quizze gefunden
Verteilung der Resultate
Anzahl Personen mit jedem Resultat
Perzentil nach korrekt beantworteten Fragen
Ihre Resultats-Entwicklung
Sie haben dieses Quiz noch nicht gespielt